| 000 | 01182nam a2200349 i 4500 | ||
|---|---|---|---|
| 001 | 13819 | ||
| 003 | KOSZ 005 | ||
| 005 | 20200302134742.0 | ||
| 008 | 081004s1964 pl a f |000 0 pol | ||
| 015 | _aPB 1964/7170 | ||
| 035 | _a(OCoLC)749331082 | ||
| 040 |
_aWA N _cWA N _dKOSZ 005/EG |
||
| 041 | 1 |
_apol _heng |
|
| 046 | _k1964 | ||
| 080 | _a53 | ||
| 080 | _a52 | ||
| 080 | _a(09) | ||
| 100 | 1 |
_aCohen, I. Bernard _d(1914-2003). _eAutor |
|
| 245 | 1 | 0 |
_aOd Kopernika do Newtona : _bnarodziny nowej fizyki / _cI. Bernard Cohen ; z ang. tł. Stanisław Szpikowski. |
| 246 | 1 |
_iTyt. oryg.: _aBirth of a new physics. |
|
| 260 |
_aWarszawa : _b"Wiedza Powszechna", _c1964. |
||
| 300 |
_a187, [1] s. : _bil. ; _c18 cm. |
||
| 380 | _aKsiążki. | ||
| 388 | _a1945-1989 | ||
| 500 | _aTyt. oryg.: The birth of a new physics. | ||
| 650 | 4 | _aFizyka | |
| 650 | 4 | _aWszechświat | |
| 700 | 1 |
_aSzpikowski, Stanisław _d(1926-2014). _eTłumaczenie |
|
| 710 | 2 |
_aPaństwowe Wydawnictwo Wiedza Powszechna _4pbl. |
|
| 856 |
_uhttp://koha.tu.koszalin.pl/cgi-bin/koha/opac-detail.pl?biblionumber=13819 _yKatalog online BPK |
||
| 942 |
_2UKD _cKS |
||
| 999 |
_c13819 _d13819 |
||